00545cam a22002051 4500001001300000003000400013005001700017008004100034010001700075035002000092040001900112042001200131050001500143060002200158110002000180245004200200260005100242300002900293999001700322sg 44000181 DLC20260227112743.0810815s1943 xx a 000 0 eng  asg 44000181  a(OCoLC)14726320 aDLCcDNLMdDLC apremarc00aRC298b.U60 aWD 100bU67c 19432 aUpjohn Company.10aClinical aspects of the avitaminoses. aKalamazoo, Mich.,bThe Upjohn companyc[c1943] acover-title, 48 p.bill. c90423d90423